000 00457nam a2200145Ia 4500
008 151213s9999 xx 000 0 und d
100 _aসঙকলিত।
245 _aবাংলাদেশের সাহিত্য
_cসঙকলিত।
260 _aঢাকা
_bবাংলা একাডেমী।
_c1988
300 _a8779 p.
650 _aBangla
650 _aসাহিত্য
700 _aসঙকলিত।
999 _c4564
_d4564